| 000 | 00604nmm a2200241 a 4500 | ||
|---|---|---|---|
| 003 | AR-BaBNM | ||
| 005 | 20251128211501.0 | ||
| 008 | 284020s2001 ||||||||||||||000 | spa|| | ||
| 020 | _a960-8136-08-3 | ||
| 040 | _cAR-BaBNM | ||
| 100 | 1 | _aAllan, David | |
| 245 | 1 | 0 |
_aSurprise! : primary _bcourse book _n2 |
| 250 | _a1st ed. | ||
| 260 |
_aAtenas _bNew Editions _c2001 |
||
| 300 |
_a111 p. _bil., tbls., gráfs. |
||
| 650 | 4 | _aENSENANZA DE IDIOMAS | |
| 650 | 4 | _aINGLES | |
| 650 | 4 | _aLIBROS DE TEXTO | |
| 653 | _aEDUCACION PRIMARIA | ||
| 700 | 1 | _aClark, Tessa | |
| 942 | _cBK | ||
| 998 | _craquel | ||
| 999 |
_c19838 _d19838 |
||